000 00204 a2200097 4500
001 47993
100 _aNazir Ahmad
245 _aAfkar Ali (RTA)
260 _aLahore
_bFerozsons
_c
090 _c30983
_d30983
942 _aNUST-CAE
_cM
_c23317
999 _c283066
_d283066